[Event "GER GM07-B email"]
[Site "GER email"]
[Date "2018.06.19"]
[Round "?"]
[White "Tauber, Hans"]
[Black "Acevedo Villalba, Angel"]
[Result "1/2-1/2"]
[WhiteElo "2527"]
[BlackElo "2525"]
[PlyCount "76"]
[EventDate "2018.??.??"]
[EventType "tourn (corr)"]
[EventRounds "13"]
[EventCountry "GER"]
[SourceTitle "Corr 2020"]
[Source "ChessBase"]
[SourceDate "2019.09.30"]
[SourceVersion "1"]
[SourceVersionDate "2019.09.30"]
[SourceQuality "1"]

1. d4 Nf6 2. c4 e6 3. Nf3 b6 4. g3 Ba6 5. Qc2 c5 6. d5 exd5 7. cxd5 Bb7 8. Bg2 Nxd5 9. 0-0 Be7 10. Rd1 Nc6 11. Qa4 Nf6 12. Nh4 g6 13. Bh6 Bf8 14. Bg5 h6 15. Bxf6 Qxf6 16. Nc3 0-0-0 17. Rd3 g5 18. Nf3 a6 19. Nd5 b5 20. Qd1 Qg6 21. Nd2 Kb8 22. a4 b4 23. Rc1 Ne5 24. Rb3 Qe6 25. Nc4 Nxc4 26. Rxc4 f5 27. a5 Rh7 28. Re3 Qd6 29. Rc2 h5 30. Rd2 Qh6 31. Nb6 Bxg2 32. Nxd7+ Rhxd7 33. Rxd7 Rxd7 34. Qxd7 Be4 35. Rxe4 fxe4 36. Qd8+ Ka7 37. Qc7+ Ka8 38. Qc8+ Ka7 1/2-1/2